|
|
|
|
| LEADER |
00000nam0a2200000 4500 |
| 001 |
339942 |
| 005 |
20231102005205.0 |
| 035 |
|
|
|a (RuTPU)RU\TPU\book\366486
|
| 090 |
|
|
|a 339942
|
| 100 |
|
|
|a 20180206d1969 km y0rusy50 ca
|
| 101 |
0 |
|
|a rus
|
| 102 |
|
|
|a RU
|
| 105 |
|
|
|a a z 001zy
|
| 200 |
1 |
|
|a Тяжелые горизонтально-расточные и продольно-строгальные станки
|f Г. И. Жевелев, Б. Х. Рубинович, А. М. Тув
|
| 210 |
|
|
|a Москва
|c Машиностроение
|d 1969
|
| 215 |
|
|
|a 239 с.
|c ил.
|
| 320 |
|
|
|a Библиогр.: с. 236-237
|
| 606 |
1 |
|
|a Горизонтально-расточные станки
|2 stltpush
|3 (RuTPU)RU\TPU\subj\7442
|9 35097
|
| 606 |
1 |
|
|a Продольно-строгальные станки
|2 stltpush
|3 (RuTPU)RU\TPU\subj\51812
|9 70373
|
| 610 |
1 |
|
|a конструкции
|
| 610 |
1 |
|
|a приводы
|
| 610 |
1 |
|
|a конструктивные элементы
|
| 610 |
1 |
|
|a электрооборудование
|
| 610 |
1 |
|
|a станки с программным управлением
|
| 610 |
1 |
|
|a надежность
|
| 610 |
1 |
|
|a управление
|
| 610 |
1 |
|
|a защита
|
| 610 |
1 |
|
|a блокировки
|
| 610 |
1 |
|
|a регулируемые электроприводы
|
| 610 |
1 |
|
|a вспомогательные устройства
|
| 675 |
|
|
|a 621.941.277
|v 4
|
| 675 |
|
|
|a 621.912
|v 4
|
| 700 |
|
1 |
|a Жевелев
|b Г. И.
|g Гессель Ильич
|
| 701 |
|
1 |
|a Рубинович
|b Б. Х.
|g Бенцион Хацкелевич
|
| 701 |
|
1 |
|a Тув
|b А. М.
|g Александр Меерович
|
| 801 |
|
1 |
|a RU
|b 63413507
|c 20180206
|
| 801 |
|
2 |
|a RU
|b 63413507
|c 20180206
|g RCR
|
| 942 |
|
|
|c BK
|